The top 10 flag states by total gross tonnage in 2024 - Statistics

General Stats
  • This quiz has been taken 20 times
  • The average score is 5 of 10
Answer Stats
total gross tonnage state/region % Correct
74,586,505 China
95%
248,712,793 Panama
79%
31,028,712 Japan
68%
103,688,171 Singapore
68%
266,968,448 Liberia
42%
62,463,028 Bahamas
37%
33,261,474 Greece
37%
83,630,286 Malta
37%
132,811,339 Hong Kong
26%
191,126,189 Marshall Islands
21%
No matching quizzes found
Score Distribution
Percent of People with Each Score
Percentile by Number Answered
Your Score History
You have not taken this quiz